000
00347nam a22001337a 4500
082
_a
891.4391 IQB
100
_a
Iqbal, Allama
245
_a
Bang-e-Dara /
_c
Allama Iqbal
260
_a
Rawalpindi :
_b
Nawab Sons,
_c
2005.
300
_a
239 p. ;
_c
17 cm.
942
_2
ddc
_c
BK
999
_c
586486
_d
586486